Global responses to terrorism : (Record no. 184807)

000 -LEADER
fixed length control field 01890 a2200241 4500
003 - CONTROL NUMBER IDENTIFIER
control field Nust
005 - DATE AND TIME OF LATEST TRANSACTION
control field 20221219095205.0
010 ## - LIBRARY OF CONGRESS CONTROL NUMBER
LC control number 2003003799
020 ## - INTERNATIONAL STANDARD BOOK NUMBER
International Standard Book Number 0415314291 (hbk.)
020 ## - INTERNATIONAL STANDARD BOOK NUMBER
International Standard Book Number 0415314305 (pbk.)
040 ## - CATALOGING SOURCE
Transcribing agency Nust
082 00 - DEWEY DECIMAL CLASSIFICATION NUMBER
Classification number 303.625,GLO
245 00 - TITLE STATEMENT
Title Global responses to terrorism :
Remainder of title 9/11, Afghanistan and beyond /
Statement of responsibility, etc. edited by Mary Buckley and Rick Fawn.
260 ## - PUBLICATION, DISTRIBUTION, ETC.
Place of publication, distribution, etc. London ;
-- New York :
Name of publisher, distributor, etc. Routledge,
Date of publication, distribution, etc. 2003.
300 ## - PHYSICAL DESCRIPTION
Extent xv, 334 p. :
Other physical details maps ;
Dimensions 25 cm.
505 ## - FORMATTED CONTENTS NOTE
Formatted contents note From Ground Zeor to the War In Afghanistan (Paeg-11), Implications of the Attack of 9/11 for the Future of Terrorism (Paeg-25), Al-Qaeda (Paeg-37), Superpower Response (Paeg-52), Loyally Ally (Paeg-66), Reluctant Moral Middle Power (Paeg-79), Support From a Biscephalous Executive (Paeg-90), Redefining its Security Role (Paeg-101), Leadership Seeking Greater Legitimacy (Paeg-113), Radical Islamist Sate and Secular Arab Nationalism (Paeg-122), Support With Qualification (Paeg-135), Conflicting Pressures (Paeg-144), The Consequence or the Cause (Paeg-153), A Vulnerable Continent (Paeg-165), Political Islam in Southeast Asia and The US Philippine (Paeg-176), Unexpectedly At Center Stage (Paeg-188), In The Middle Ground (Paeg-202), A Rising Power With Global Aspirations (Paeg-210), Former Superpower (Paeg-221), Negotiating the US Presence (Paeg-239), International Organizations (Paeg-252), Perceptions of Afghan Refugees (Paeg-265), The Global Economy (Paeg-276), War Without Warriors (Paeg-284), Implications’ for the Study of International Relations (Paeg-296), The War on Terror (Paeg-310).
650 #0 - SUBJECT ADDED ENTRY--TOPICAL TERM
Topical term or geographic name entry element International relations.
650 #0 - SUBJECT ADDED ENTRY--TOPICAL TERM
Topical term or geographic name entry element Terrorism
General subdivision Prevention.
9 (RLIN) 3117
700 1# - ADDED ENTRY--PERSONAL NAME
Personal name Buckley, Mary
9 (RLIN) 105157
700 1# - ADDED ENTRY--PERSONAL NAME
Personal name Fawn, Rick.
9 (RLIN) 105158
856 42 - ELECTRONIC LOCATION AND ACCESS
Materials specified Publisher description
Uniform Resource Identifier <a href="http://www.loc.gov/catdir/enhancements/fy0651/2003003799-d.html">http://www.loc.gov/catdir/enhancements/fy0651/2003003799-d.html</a>
942 ## - ADDED ENTRY ELEMENTS (KOHA)
Source of classification or shelving scheme
Koha item type Book
Call number prefix 303.625,GLO
Holdings
Withdrawn status Lost status Source of classification or shelving scheme Damaged status Not for loan Permanent Location Current Location Shelving location Date acquired Full call number Barcode Date last seen Price effective from Koha item type Public note
          Military College of Signals (MCS) Military College of Signals (MCS) General Stacks 12/12/2016 303.625,GLO MCS30654 12/08/2016 12/12/2016 Book Almirah No.49, Shelf No.2
© 2023 Central Library, National University of Sciences and Technology. All Rights Reserved.